| 000 -LEADER |
| fixed length control field |
00920cam a22002774a 4500 |
| 001 - CONTROL NUMBER |
| control field |
14351306 |
| 005 - DATE AND TIME OF LATEST TRANSACTION |
| control field |
20180110074535.0 |
| 008 - FIXED-LENGTH DATA ELEMENTS--GENERAL INFORMATION |
| fixed length control field |
060424s2007 nju b 001 0 eng |
| 010 ## - LIBRARY OF CONGRESS CONTROL NUMBER |
| LC control number |
2006040596 |
| 020 ## - INTERNATIONAL STANDARD BOOK NUMBER |
| International Standard Book Number |
0131961926 |
| 020 ## - INTERNATIONAL STANDARD BOOK NUMBER |
| International Standard Book Number |
9780131961920 |
| 035 ## - SYSTEM CONTROL NUMBER |
| System control number |
(OCoLC)ocm67922465 |
| 035 ## - SYSTEM CONTROL NUMBER |
| System control number |
(OCoLC)67922465 |
| 040 ## - CATALOGING SOURCE |
| Original cataloging agency |
DLC |
| Transcribing agency |
DLC |
| Modifying agency |
BAKER |
| -- |
C#P |
| -- |
YDXCP |
| -- |
OCLCQ |
| -- |
BTCTA |
| -- |
DLC |
| 041 ## - LANGUAGE CODE |
| Language code of text/sound track or separate title |
eng |
| 042 ## - AUTHENTICATION CODE |
| Authentication code |
pcc |
| 080 ## - UNIVERSAL DECIMAL CLASSIFICATION NUMBER |
| Universal Decimal Classification number |
71.9043 UND |
| 082 00 - DEWEY DECIMAL CLASSIFICATION NUMBER |
| Classification number |
371.9043 UND |
| Edition number |
22 |
| 100 1# - Rafti |
| Rafti |
46 |
| 101 ## - Shkurtesa |
| Shkurtesa |
EDU |
| 245 14 - TITLE STATEMENT |
| Title |
The effective special education teacher : |
| Statement of responsibility, etc |
Laurie U. deBettencourt, Lori A. Howard. |
| 504 ## - BIBLIOGRAPHY, ETC. NOTE |
| Bibliography, etc |
Includes bibliographical references (p. 167) and index. |
| 906 ## - LOCAL DATA ELEMENT F, LDF (RLIN) |
| a |
7 |
| b |
cbc |
| c |
orignew |
| d |
1 |
| e |
ocip |
| f |
20 |
| g |
y-gencatlg |
| 942 ## - ADDED ENTRY ELEMENTS (KOHA) |
| Source of classification or shelving scheme |
|
| Item type |
Books |